El futbol y la guerra : entre balas y balones /
Salvato in:
| Autore principale: | |
|---|---|
| Natura: | Libro |
| Lingua: | spagnolo |
| Pubblicazione: |
México :
Planeta,
2015, c2015
|
| Soggetti: | |
| Tags: |
Nessun Tag, puoi essere il primo ad aggiungerne!!
|
MARC
| LEADER | 00000nam^a2200000^a^4500 | ||
|---|---|---|---|
| 001 | 000355028 | ||
| 005 | 20250521000000.0 | ||
| 009 | 20260310115153.809 | ||
| 020 | |a 978-607-07-2602-6 | ||
| 037 | |a Acervo ITESO - Biblioteca | ||
| 041 | |a ESP | ||
| 082 | |a 796. 33409 |b SIL | ||
| 100 | |a Silva Schurmann, Luis Felipe |e (autor) | ||
| 245 | 1 | 3 | |a El futbol y la guerra : |b entre balas y balones / |c L.F. Silva Schurmann. |
| 264 | 4 | |a México : |b Planeta, |c 2015, c2015 | |
| 300 | |a 205 p. | ||
| 336 | |a texto |b txt |2 rdacontenido | ||
| 337 | |a sin mediación |b n |2 rdamedio | ||
| 338 | |a volumen |b nc |2 rdasoporte | ||
| 649 | |a XX | ||
| 650 | |a Futbol - |x Aspectos Políticos - |x Tema Principal | ||
| 650 | |a Futbol - |x Aspectos Sociales y Culturales | ||
| 650 | |a Futbol - |x Historia - |y Siglo XX | ||
| 650 | |a Deportes - |x Aspectos Políticos | ||
| 650 | |a Deportes - |x Aspectos Sociales y Culturales | ||
| 650 | |a Deportes - |x Historia - |y Siglo XX | ||
| 650 | |a Guerra y Paz - |x Historia - |y Siglo XX - |x Tema Principal | ||
| 650 | |a Política Internacional - |x Historia - |y Siglo XX | ||
| 650 | |a Historia Moderna - |y Siglo XX | ||
| 910 | |a Fondo General | ||
| 920 | |a Impresos - Libros | ||
| 930 | |a Colección General | ||
| 905 | |a 101 | ||
| 901 | |a 0500247923 |b IT1 |c ACC |i C146521 |u 20250521 | ||
| 902 | |a https://opac.biblio.iteso.mx/vufind/Record/000355028 | ||